Normal view MARC view
  • Peace-building

Entry Topical Term

Number of records used in: 2

001 - CONTROL NUMBER

  • control field: 13007

003 - CONTROL NUMBER IDENTIFIER

  • control field: NUST

005 - DATE AND TIME OF LATEST TRANSACTION

  • control field: 20190108061541.0

008 - FIXED-LENGTH DATA ELEMENTS

  • fixed length control field: 190108|| aca||aabn | a|a d

040 ## - CATALOGING SOURCE

  • Original cataloging agency: NUST
  • Transcribing agency: NUST

150 ## - HEADING--TOPICAL TERM

  • Topical term or geographic name entry element: Peace-building
  • Geographic subdivision: Afghanistan
  • Form subdivision: Congresses.

670 ## - SOURCE DATA FOUND

  • Source citation: Work cat.: (NUST)0: International Conference on 'Achieving Peace in Afghanistan: Challenges and Prospects (2017 : Islāmābād : Pakistan) 13006, Achieving Peace in Afghanistan :
© 2023 Central Library, National University of Sciences and Technology. All Rights Reserved.